000 01245cam a22003497a 4500
003 CHAP
005 20220329142421.0
008 010109d2000 mx o r 00110 spa d
010 _a83151
011 _a84123
035 _a94642
040 _cCHAP
090 _aTesis
100 0 0 _aHernández Regalado, Evelia.
_954519
245 1 0 _aSensibilidad de aislamientos de Peronospora Adam. en México al fungicida azoxystrobin
_c/por Evelia Hernández Regalado.
260 _aChapingo, Méx. :
_bEl autor,
_c2000.
300 _a41h. :
_bfots.; cuads.
502 _aTesis (Ing. Agr. Esp. en Parasitología Agrícola) -- UACH. Departamento de Parasitología Agrícola.
590 _aALEPH
_b10
_c20130110
_lUCH01
_h1440
590 _aBATCH-UPD
_b10
_c20130110
_lUCH01
_h0747
590 _aBATCH-UPD
_b10
_c20130410
_lUCH01
_h0428
590 _aBATCH-UPD
_b10
_c20130914
_lUCH01
_h1451
590 _aCONVERSION
_b10
_c20130109
_lUCH01
_h1346
650 1 4 _aFungicidas
_xAnálisis.
_944045
650 1 4 _aMoho azul del tabaco.
_977289
650 1 4 _aTabaco
_xEnfermedades.
_9111213
901 _aBK
905 _aEdna Luz
942 _cFOLL
949 _bBC
_cTES
_d33724000808481
_eTS2
_fc.2
_h37668
_i94642
_sb
949 _bBC
_cTES
_d946421
_eTS1
_h37667
_i94642
_sb
999 _c83151
_d83151